000 004420000a22001810004500
003 MACL
005 20150929111456.0
008 150929b xxu||||| |||| 00| 0 eng d
040 _aMACL
_cMACL
041 _aEnglish
082 _a891.2/DEV
100 _aDevadhar, C R
_912576
245 _aWorks Of Kalidasa
260 _bMotilal Banarsidas Publishers
_c1984
_aDelhi
350 _a250
650 _aLiterature
_912577
942 _cBK
_k891
_2ddc
999 _c6109
_d6109